[Event "SVK-chT3A2 2122"]
[Site "Slovakia"]
[Date "2021.11.07"]
[Round "3.1"]
[White "Harastova, Viera"]
[Black "Liptak, Dusan"]
[Result "1/2-1/2"]
[WhiteElo "1785"]
[BlackElo "2175"]
[PlyCount "138"]
[EventDate "2021.10.10"]
[EventType "team-tourn"]
[EventRounds "11"]
[EventCountry "SVK"]
[SourceTitle "EXT 2023"]
[Source "ChessBase"]
[SourceDate "2022.10.05"]
[SourceVersion "1"]
[SourceVersionDate "2022.10.05"]
[SourceQuality "1"]
[WhiteTeam "Skalica"]
[BlackTeam "Cifer II"]
[WhiteTeamCountry "SVK"]
[BlackTeamCountry "SVK"]

1. d4 d6 2. e4 e5 3. Bc4 Nd7 4. Nf3 c6 5. Be3 Be7 6. Nbd2 Ngf6 7. c3 0-0 8. Qe2 b5 9. Bb3 a5 10. 0-0 Ba6 11. Rfd1 Qc7 12. dxe5 dxe5 13. Bg5 Nc5 14. Bxf6 Bxf6 15. Bc2 Be7 16. Nb3 Na4 17. Bd3 Bc8 18. Rd2 Be6 19. Rad1 Nb6 20. Nc1 f6 21. b3 Rfb8 22. Nh4 Bf8 23. Qf3 Qf7 24. Nf5 g6 25. Ne3 h5 26. g4 Bh6 27. gxh5 gxh5 28. Qg3+ Kh7 29. Kh1 Rg8 30. Qf3 Rad8 31. Ne2 a4 32. Bc2 Rxd2 33. Rxd2 axb3 34. axb3 Qg6 35. Rd1 Bxe3 36. fxe3 Bg4 37. Qf2 Bxe2 38. Qxe2 h4 39. Qf2 Qg4 40. Rg1 Qxg1+ 41. Qxg1 Rxg1+ 42. Kxg1 Kg6 43. Kg2 Nc8 44. Kf3 Kg5 45. Bd1 Nd6 46. Bc2 c5 47. h3 c4 48. bxc4 bxc4 49. Ba4 f5 50. Bc6 fxe4+ 51. Bxe4 Nb5 52. Bd5 Nxc3 53. Bxc4 e4+ 54. Kf2 Kf5 55. Ke1 Ke5 56. Kd2 Na4 57. Bb5 Nb6 58. Bc6 Nc4+ 59. Ke2 Nd6 60. Kf2 Nf7 61. Kg2 Ng5 62. Kh2 Kd6 63. Bb7 Kc5 64. Kg2 Kc4 65. Bxe4 Nxe4 66. Kf3 Nf6 67. Kf4 Kd3 68. Kg5 Kxe3 69. Kxh4 Kf4 1/2-1/2

[Event "SVK-chT2A 1920"]
[Site "Slovakia"]
[Date "2019.11.16"]
[Round "3.4"]
[White "Husek, Martin"]
[Black "Liptak, Dusan"]
[Result "1-0"]
[WhiteElo "2207"]
[BlackElo "2124"]
[PlyCount "63"]
[EventDate "2019.10.26"]
[EventType "team-tourn"]
[EventRounds "11"]
[EventCountry "SVK"]
[SourceTitle "CBM 193 Extra"]
[Source "ChessBase"]
[SourceDate "2020.01.31"]
[SourceVersion "1"]
[SourceVersionDate "2020.01.31"]
[SourceQuality "1"]
[WhiteTeam "Skalica"]
[BlackTeam "Cifer"]
[WhiteTeamCountry "SVK"]
[BlackTeamCountry "SVK"]

1. e4 c5 2. Nf3 d6 3. d4 cxd4 4. Nxd4 Nf6 5. Nc3 a6 6. Bg5 Nbd7 7. f4 Qc7 8. Qf3 h6 9. Bxf6 Nxf6 10. f5 Qc5 11. 0-0-0 g5 12. fxg6 Bg4 13. gxf7+ Kxf7 14. Qd3 Bxd1 15. Nxd1 Bg7 16. Ne3 Qe5 17. Qb3+ d5 18. Ndf5 b5 19. exd5 Rhd8 20. Bd3 Nxd5 21. Rf1 Bf6 22. Ng4 Qe6 23. Nfe3 h5 24. Bf5 Qd6 25. Nxf6 exf6 26. Be4 Ra7 27. Nxd5 Kg7 28. Qf3 Rf7 29. Qxh5 Rh8 30. Qg4+ Kf8 31. Nf4 Rxh2 32. Qc8+ 1-0

[Event "SVK-chT3A2 1819"]
[Site "Slovakia"]
[Date "2018.10.07"]
[Round "1.4"]
[White "Puskar, David"]
[Black "Liptak, Dusan"]
[Result "1/2-1/2"]
[WhiteElo "1818"]
[BlackElo "2140"]
[PlyCount "92"]
[EventDate "2018.10.07"]
[EventType "team-tourn"]
[EventRounds "11"]
[EventCountry "SVK"]
[SourceTitle "EXT 2020"]
[Source "ChessBase"]
[SourceDate "2019.10.17"]
[SourceVersion "1"]
[SourceVersionDate "2019.10.17"]
[SourceQuality "1"]
[WhiteTeam "Trnava Lokomotiva III"]
[BlackTeam "Cifer"]
[WhiteTeamCountry "SVK"]
[BlackTeamCountry "SVK"]

1. c4 Nf6 2. Nc3 g6 3. g3 Bg7 4. Bg2 d6 5. d4 c6 6. e3 Nbd7 7. Nge2 0-0 8. 0-0 e5 9. d5 c5 10. Rb1 Nh5 11. a3 f5 12. f4 e4 13. b3 a6 14. Bb2 g5 15. fxg5 Qxg5 16. Nf4 Ndf6 17. Nce2 Ng4 18. Qd2 Bd7 19. Bxg7 Nxg7 20. h3 Ne5 21. Kh2 b5 22. Ne6 Bxe6 23. dxe6 Nd3 24. Nf4 Nxf4 25. gxf4 Qe7 26. Rg1 Rab8 27. Bf1 b4 28. axb4 Rxb4 29. Be2 Qxe6 30. Rg3 Rf6 31. Rbg1 Rg6 32. Rxg6 hxg6 33. Qa2 Kh7 34. Rg2 Qf6 35. Bd1 Rb6 36. Qa5 Qd8 37. Qa4 d5 38. cxd5 Qxd5 39. Bc2 Qc6 40. Qc4 Rb4 41. Qc3 Rb6 42. Bd1 Qb5 43. Qe1 Rd6 44. Qh4+ Kg8 45. Be2 Qxb3 46. Qe7 Rc6 1/2-1/2

[Event "SVK-chT3A2 1617"]
[Site "Slovakia"]
[Date "2016.10.16"]
[Round "1.5"]
[White "Palka, Miroslav"]
[Black "Liptak, Dusan"]
[Result "1/2-1/2"]
[WhiteElo "1929"]
[BlackElo "2127"]
[PlyCount "116"]
[EventDate "2016.10.16"]
[EventType "team-tourn"]
[EventRounds "11"]
[EventCountry "SVK"]
[SourceTitle "EXT 2020"]
[Source "ChessBase"]
[SourceDate "2019.10.17"]
[SourceVersion "1"]
[SourceVersionDate "2019.10.17"]
[SourceQuality "1"]
[WhiteTeam "Senica SK"]
[BlackTeam "Cifer"]
[WhiteTeamCountry "SVK"]
[BlackTeamCountry "SVK"]

1. c4 d6 2. d4 e5 3. dxe5 dxe5 4. Qxd8+ Kxd8 5. Nc3 Be6 6. e4 Nd7 7. Be3 c6 8. Nf3 f6 9. Be2 Kc7 10. 0-0-0 Nh6 11. h3 Nf7 12. Rd2 Bb4 13. Rhd1 Nc5 14. Rc2 b6 15. Nd2 Nd6 16. f3 Nd7 17. Nd5+ Bxd5 18. cxd5 Bxd2+ 19. Rdxd2 Nb8 20. Rc3 Rc8 21. dxc6 Nxc6 22. Ba6 Kd7 23. Bxc8+ Rxc8 24. Kd1 Ke7 25. Rdc2 Kd7 26. a3 Ne7 27. Rxc8 Ndxc8 28. Ke2 Nd6 29. a4 Nc6 30. Kf2 Nb4 31. Rc3 g6 32. Rb3 Nc6 33. Rd3 Nb4 34. Rd1 Kc6 35. b3 Nb7 36. Rc1+ Kd7 37. Ke2 Na5 38. Rd1+ Ke7 39. Bd2 Nac6 40. Bxb4+ Nxb4 41. Kd2 Na6 42. Kc3 Nc5 43. Kc4 f5 44. exf5 gxf5 45. a5 Ne6 46. axb6 axb6 47. Ra1 Nf4 48. Ra2 Kd6 49. Kb5 e4 50. fxe4 fxe4 51. g3 Nxh3 52. Kc4 Ke5 53. Rh2 Ng5 54. Rh5 Kf5 55. Kd4 Kg4 56. Rh6 Kxg3 57. Ke3 b5 58. b4 Kg4 1/2-1/2

[Event "SVK-chT3A2 1516"]
[Site "Slovakia"]
[Date "2016.03.06"]
[Round "9.5"]
[White "Liptak, Dusan"]
[Black "Stanec, Stanislav"]
[Result "1-0"]
[WhiteElo "2138"]
[BlackElo "2167"]
[PlyCount "89"]
[EventDate "2015.10.11"]
[EventType "team-tourn"]
[EventRounds "11"]
[EventCountry "SVK"]
[SourceTitle "EXT 2020"]
[Source "ChessBase"]
[SourceDate "2019.10.17"]
[SourceVersion "1"]
[SourceVersionDate "2019.10.17"]
[SourceQuality "1"]
[WhiteTeam "Cifer"]
[BlackTeam "Skalica II"]
[WhiteTeamCountry "SVK"]
[BlackTeamCountry "SVK"]

1. d4 Nf6 2. c4 e6 3. Nf3 d5 4. Nc3 Be7 5. Bf4 0-0 6. e3 c6 7. c5 b6 8. b4 a5 9. a3 Nbd7 10. Bd3 Re8 11. 0-0 h6 12. Qc2 bxc5 13. bxc5 Ba6 14. Bxa6 Rxa6 15. Rab1 Nh5 16. Rb7 Nxf4 17. exf4 g5 18. Ne5 Nxe5 19. fxe5 Qc8 20. Rfb1 Ra8 21. Qe2 Bf8 22. Na4 Re7 23. R7b3 Qc7 24. f4 Bg7 25. fxg5 hxg5 26. Rf1 Rf8 27. Qh5 Bxe5 28. Qxg5+ Bg7 29. Rf6 Rb8 30. Rg3 Rb1+ 31. Kf2 Qxg3+ 32. Qxg3 Kf8 33. Rf4 e5 34. Rg4 f5 35. Rg6 exd4 36. Rxc6 Rbe1 37. Qf3 R7e5 38. Qh5 Re8 39. Rc7 R8e7 40. Rc8+ Re8 41. Rxe8+ Rxe8 42. Qxf5+ Ke7 43. Ke2 Kd8+ 44. Kd1 Rf8 45. Qxd5+ 1-0

[Event "SVK-chT3A2 1314"]
[Site "Slovakia"]
[Date "2014.02.02"]
[Round "8.1"]
[White "Liptak, Dusan"]
[Black "Bango, Lukas"]
[Result "1/2-1/2"]
[WhiteElo "2108"]
[BlackElo "1781"]
[PlyCount "102"]
[EventDate "2013.10.13"]
[EventType "team-tourn"]
[EventRounds "11"]
[EventCountry "SVK"]
[SourceTitle "EXT 2015"]
[Source "ChessBase"]
[SourceDate "2014.11.20"]
[SourceVersion "1"]
[SourceVersionDate "2014.11.20"]
[SourceQuality "1"]
[WhiteTeam "Cifer"]
[BlackTeam "Trnava Modranka Jun"]
[WhiteTeamCountry "SVK"]
[BlackTeamCountry "SVK"]

1. g3 Nf6 2. Bg2 g6 3. Nf3 Bg7 4. d4 0-0 5. c4 d6 6. Nc3 Nbd7 7. 0-0 e5 8. e4 c6 9. Rb1 Ne8 10. Re1 Qc7 11. b3 Qa5 12. b4 Qc7 13. dxe5 Nxe5 14. Nxe5 dxe5 15. Qe2 Be6 16. Be3 Nf6 17. f3 Rfd8 18. Rec1 Rd7 19. Bf1 Nh5 20. Qf2 f5 21. Bxa7 f4 22. g4 Nf6 23. Bb6 Qc8 24. a4 g5 25. a5 h5 26. h3 hxg4 27. hxg4 Kf7 28. Na4 Bf8 29. Bc5 Bxc5 30. Nxc5 Re7 31. Nxe6 Kxe6 32. Rd1 Rh7 33. Qc5 Qc7 34. Rd2 Rah8 35. Bg2 Rd7 36. Rbd1 Rxd2 37. Rxd2 Ne8 38. Rd1 Nd6 39. b5 Rc8 40. b6 Qe7 41. Bf1 Ra8 42. Qb4 Rd8 43. Ra1 Rh8 44. a6 Qh7 45. Bg2 Qh2+ 46. Kf1 Nxe4 47. fxe4 f3 48. Bxf3 Qg3 49. Ra3 Rh2 50. Qe1 Qh3+ 51. Kg1 Rb2 1/2-1/2

[Event "SVK-chT2A 1314"]
[Site "Slovakia"]
[Date "2014.01.12"]
[Round "6.3"]
[White "Madar, Martin"]
[Black "Liptak, Dusan"]
[Result "1/2-1/2"]
[WhiteElo "2135"]
[BlackElo "2108"]
[PlyCount "105"]
[EventDate "2013.10.19"]
[EventType "team-tourn"]
[EventRounds "11"]
[EventCountry "SVK"]
[SourceTitle "EXT 2015"]
[Source "ChessBase"]
[SourceDate "2014.11.20"]
[SourceVersion "1"]
[SourceVersionDate "2014.11.20"]
[SourceQuality "1"]
[WhiteTeam "Pezinok"]
[BlackTeam "Trnava Lokomotiva II"]
[WhiteTeamCountry "SVK"]
[BlackTeamCountry "SVK"]

1. e4 c5 2. d3 Nc6 3. Nd2 g6 4. g3 Bg7 5. Bg2 e6 6. Ngf3 Nge7 7. 0-0 d5 8. Re1 0-0 9. c3 b5 10. e5 Rb8 11. Qe2 b4 12. Nb3 c4 13. dxc4 Ba6 14. Bg5 bxc3 15. bxc3 Bxc4 16. Qc2 Re8 17. Nbd2 Ba6 18. Qa4 Qa5 19. Qxa5 Nxa5 20. Nb3 Nb7 21. Nfd4 Rbc8 22. Rac1 Nc5 23. Nxc5 Rxc5 24. Bf1 Bxf1 25. Kxf1 Nc8 26. Be3 Ra5 27. Rc2 Ne7 28. f4 Rc8 29. Rb1 Nf5 30. Nxf5 gxf5 31. Rb7 a6 32. Ke2 Bf8 33. Kd3 Ra3 34. Bd4 Bc5 35. Bxc5 Rxc5 36. Rb3 Ra4 37. Rb8+ Kg7 38. Rb6 Rca5 39. Rbb2 Rc5 40. Rb6 Rca5 41. Rbb2 Rc5 42. h3 h5 43. Rg2 Rc8 44. Rb6 Ra3 45. Rc2 Rc5 46. Rb3 Ra4 47. Rg2 Rc8 48. Rb4 Ra3 49. Rc2 Rc5 50. Kd4 Rca5 51. Rbb2 R3a4+ 52. Ke3 Rc5 53. Kf3 1/2-1/2

[Event "SVK-chT2A 1314"]
[Site "Slovakia"]
[Date "2013.11.24"]
[Round "4.2"]
[White "Liptak, Dusan"]
[Black "Machalova, Maria"]
[Result "0-1"]
[WhiteElo "2108"]
[BlackElo "2091"]
[PlyCount "80"]
[EventDate "2013.10.19"]
[EventType "team-tourn"]
[EventRounds "11"]
[EventCountry "SVK"]
[SourceTitle "EXT 2015"]
[Source "ChessBase"]
[SourceDate "2014.11.20"]
[SourceVersion "1"]
[SourceVersionDate "2014.11.20"]
[SourceQuality "1"]
[WhiteTeam "Trnava Lokomotiva II"]
[BlackTeam "Bratislava KSN"]
[WhiteTeamCountry "SVK"]
[BlackTeamCountry "SVK"]

1. Nf3 c5 2. e4 Nc6 3. d4 cxd4 4. Nxd4 g6 5. c4 Bg7 6. Be3 Nf6 7. Nc3 0-0 8. Nb3 d6 9. Be2 a5 10. Rc1 Bd7 11. 0-0 a4 12. Nd2 Ne5 13. h3 Bc6 14. g4 Qa5 15. a3 Ned7 16. Qe1 Nc5 17. f3 e5 18. Qh4 Ne6 19. Rfd1 Nf4 20. Bf1 Rad8 21. Qf2 Nd7 22. Nb5 Nc5 23. b4 axb3 24. Bxc5 dxc5 25. Nxb3 Qa4 26. Rxd8 Rxd8 27. Nxc5 Qa8 28. Ra1 b6 29. Nb3 Bxb5 30. cxb5 Rd3 31. Qc2 Rxf3 32. a4 Qd8 33. Kh2 Qh4 34. Rb1 Rf2+ 35. Qxf2 Qxf2+ 36. Kh1 Qf3+ 37. Kh2 Qxe4 38. Rc1 Qxa4 39. Rc8+ Bf8 40. Nd2 Qd4 0-1

[Event "SVK-chT1W 1213"]
[Site "Slovakia"]
[Date "2013.02.23"]
[Round "8.7"]
[White "Liptak, Dusan"]
[Black "Pinter, Patrik"]
[Result "1-0"]
[WhiteElo "2060"]
[BlackElo "2164"]
[PlyCount "91"]
[EventDate "2012.10.20"]
[EventType "team-tourn"]
[EventRounds "11"]
[EventCountry "SVK"]
[SourceTitle "EXT 2015"]
[Source "ChessBase"]
[SourceDate "2014.11.20"]
[SourceVersion "1"]
[SourceVersionDate "2014.11.20"]
[SourceQuality "1"]
[WhiteTeam "Trnava Lokomotiva"]
[BlackTeam "Prievidza"]
[WhiteTeamCountry "SVK"]
[BlackTeamCountry "SVK"]

1. Nf3 g6 2. c4 Bg7 3. d4 Nf6 4. Nc3 0-0 5. e4 d6 6. Be2 Nbd7 7. 0-0 e5 8. d5 Nc5 9. Qc2 a5 10. Be3 Ne8 11. Nd2 f5 12. f3 f4 13. Bf2 g5 14. a3 Rf7 15. b4 Nd7 16. c5 Bf8 17. Nc4 Rg7 18. cxd6 cxd6 19. bxa5 h5 20. Na4 g4 21. Be1 Ndf6 22. Ncb6 Rb8 23. Rc1 gxf3 24. Bxf3 Bg4 25. Bh4 Be7 26. Qd3 Nh7 27. Bxe7 Qxe7 28. Kh1 Qh4 29. Qe2 Nef6 30. Qf2 Qg5 31. Rc4 h4 32. Rg1 Nh5 33. h3 Ng3+ 34. Kh2 Bh5 35. Nc3 Qd8 36. Nb5 Be8 37. Rgc1 Bxb5 38. Rc8 Ng5 39. Rxd8+ Rxd8 40. a4 Ba6 41. Nc8 Kh8 42. Qb6 Nxf3+ 43. gxf3 Rdd7 44. Nxd6 Rg6 45. Nf7+ Kh7 46. Qxg6+ 1-0

[Event "SVK-chT3A2 1213"]
[Site "Slovakia"]
[Date "2013.01.27"]
[Round "7.4"]
[White "Hudacek, Josef"]
[Black "Liptak, Dusan"]
[Result "0-1"]
[WhiteElo "2067"]
[BlackElo "2060"]
[PlyCount "170"]
[EventDate "2012.10.07"]
[EventType "team-tourn"]
[EventRounds "11"]
[EventCountry "SVK"]
[SourceTitle "EXT 2015"]
[Source "ChessBase"]
[SourceDate "2014.11.20"]
[SourceVersion "1"]
[SourceVersionDate "2014.11.20"]
[SourceQuality "1"]
[WhiteTeam "Skalica"]
[BlackTeam "Cifer"]
[WhiteTeamCountry "SVK"]
[BlackTeamCountry "SVK"]

1. e4 d6 2. d4 Nf6 3. Nc3 Nbd7 4. Nf3 e5 5. dxe5 dxe5 6. Bb5 c6 7. Ba4 Be7 8. 0-0 Qc7 9. Re1 0-0 10. a3 Nc5 11. h3 a5 12. Bg5 Be6 13. Nd2 Rfd8 14. Bxf6 Bxf6 15. Qe2 Bg5 16. Nf3 Bh6 17. b4 b5 18. Bxb5 cxb5 19. Nxb5 Qb6 20. bxc5 Qxc5 21. Nxe5 Qxe5 22. Rad1 g6 23. a4 Qc5 24. Rxd8+ Rxd8 25. Rd1 Re8 26. c3 Bb3 27. Rd7 Bxa4 28. Qf3 Rf8 29. Rd5 Qe7 30. Nd4 Rb8 31. Qg3 Rb1+ 32. Kh2 Qxe4 33. Nf5 Bf8 34. Rxa5 Bd7 35. Ne3 Bh6 36. Nd5 Kg7 37. f3 Qf5 38. Qd6 Qe6 39. Qc5 Rb8 40. Qd4+ f6 41. Nxf6 Qxf6 42. Qxd7+ Kg8 43. Ra1 Qf4+ 44. Kg1 Bg7 45. Qg4 Qxg4 46. hxg4 Bxc3 47. Rc1 Bd4+ 48. Kh2 Be5+ 49. Kh3 Kg7 50. Re1 Bf6 51. f4 Rb3+ 52. g3 Kf7 53. Rc1 Re3 54. Rb1 Re2 55. Rb7+ Be7 56. g5 Ke6 57. Kg4 Rd2 58. Rb6+ Rd6 59. Rb7 Rd7 60. Rb6+ Bd6 61. Rb3 Bc5 62. Rc3 Kd5 63. Rd3+ Bd4 64. Ra3 Ke4 65. Ra6 Re7 66. Ra3 Rc7 67. Ra6 Ke3 68. Re6+ Kf2 69. Rd6 Be3 70. Rd3 Rc1 71. Rd7 Rg1 72. Rxh7 Rxg3+ 73. Kh4 Bxf4 74. Rf7 Rf3 75. Kg4 Kg2 76. Rf6 Rf2 77. Rxf4 Rxf4+ 78. Kxf4 Kh3 79. Ke5 Kg4 80. Ke4 Kxg5 81. Kf3 Kh4 82. Kg2 Kg4 83. Kg1 Kg3 84. Kh1 g5 85. Kg1 g4 0-1

[Event "SVK-chT3A2 1213"]
[Site "Slovakia"]
[Date "2012.11.04"]
[Round "3.6"]
[White "Chabada, Tomas1111"]
[Black "Liptak, Dusan"]
[Result "1-0"]
[WhiteElo "1941"]
[BlackElo "2060"]
[PlyCount "71"]
[EventDate "2012.10.07"]
[EventType "team-tourn"]
[EventRounds "11"]
[EventCountry "SVK"]
[SourceTitle "EXT 2015"]
[Source "ChessBase"]
[SourceDate "2014.11.20"]
[SourceVersion "1"]
[SourceVersionDate "2014.11.20"]
[SourceQuality "1"]
[WhiteTeam "Holic"]
[BlackTeam "Cifer"]
[WhiteTeamCountry "SVK"]
[BlackTeamCountry "SVK"]

1. e4 e6 2. d4 d5 3. e5 c5 4. c3 Qb6 5. Nf3 Nc6 6. Be2 Bd7 7. 0-0 f6 8. Na3 Nge7 9. exf6 gxf6 10. dxc5 Qxc5 11. Be3 Qa5 12. Nb5 Nf5 13. Nfd4 Ncxd4 14. Bh5+ Kd8 15. Nxd4 Nxd4 16. cxd4 Rc8 17. Qf3 Be7 18. a3 Rg8 19. Bh6 Be8 20. Rfe1 Qb6 21. Bxe8 Kxe8 22. Qh5+ Kd7 23. Qf7 Rg6 24. Qxh7 Rcg8 25. g3 Rg4 26. Qf7 Rc8 27. h3 Rgg8 28. Re2 Qd6 29. Kg2 Rge8 30. Rae1 Rc6 31. Bf4 e5 32. dxe5 Qe6 33. Qg7 f5 34. Rd2 Kc8 35. Red1 Rd8 36. Qh7 1-0

[Event "SVK-chT3A2 1213"]
[Site "Slovakia"]
[Date "2012.10.21"]
[Round "2.1"]
[White "Liptak, Dusan"]
[Black "Skapik, Branislav"]
[Result "1-0"]
[WhiteElo "2060"]
[BlackElo "1857"]
[PlyCount "73"]
[EventDate "2012.10.07"]
[EventType "team-tourn"]
[EventRounds "11"]
[EventCountry "SVK"]
[SourceTitle "EXT 2015"]
[Source "ChessBase"]
[SourceDate "2014.11.20"]
[SourceVersion "1"]
[SourceVersionDate "2014.11.20"]
[SourceQuality "1"]
[WhiteTeam "Cifer"]
[BlackTeam "Senica CVC"]
[WhiteTeamCountry "SVK"]
[BlackTeamCountry "SVK"]

1. Nf3 d5 2. g3 Nf6 3. Bg2 g6 4. 0-0 Bg7 5. d3 0-0 6. Nbd2 Nc6 7. c4 e6 8. Rb1 Qe7 9. Ne1 Rd8 10. a3 Rb8 11. b4 a6 12. Nc2 Ne5 13. Bb2 Ned7 14. Ne3 c6 15. a4 b5 16. axb5 axb5 17. c5 e5 18. Ra1 Bb7 19. Nb3 d4 20. Nc2 Nd5 21. Ra7 N7f6 22. Na5 Rd7 23. Bh3 Rc7 24. Qa1 Ne8 25. Qa2 Ba8 26. Ra6 Bb7 27. Nxb7 Rbxb7 28. Ra1 f5 29. e4 dxe3 30. Nxe3 Nef6 31. Bg2 e4 32. dxe4 fxe4 33. Bxf6 Bxf6 34. Nxd5 cxd5 35. Qxd5+ Kg7 36. Re1 Rd7 37. Rd6 1-0

[Event "SVK-chT1W 1112"]
[Site "Slovakia"]
[Date "2012.03.03"]
[Round "10.7"]
[White "Liptak, Dusan"]
[Black "Bednar, Jan"]
[Result "0-1"]
[WhiteElo "2075"]
[BlackElo "2128"]
[PlyCount "80"]
[EventDate "2011.10.15"]
[EventType "team-tourn"]
[EventRounds "11"]
[EventCountry "SVK"]
[SourceTitle "EXT 2013"]
[Source "ChessBase"]
[SourceDate "2012.11.22"]
[SourceVersion "1"]
[SourceVersionDate "2012.11.22"]
[SourceQuality "1"]
[WhiteTeam "Trnava Lokomotiva"]
[BlackTeam "Budmerice"]
[WhiteTeamCountry "SVK"]
[BlackTeamCountry "SVK"]

1. d4 Nf6 2. c4 e6 3. Nf3 b6 4. a3 Bb7 5. Nc3 d5 6. cxd5 exd5 7. g3 Be7 8. Bg2 0-0 9. 0-0 Nbd7 10. Bf4 c6 11. Qa4 a5 12. Bh3 b5 13. Qc2 Nh5 14. Be5 f6 15. Bf4 Nxf4 16. gxf4 Bd6 17. Kh1 Nb6 18. Bf5 h6 19. Be6+ Rf7 20. Bxf7+ Kxf7 21. Rg1 Qc7 22. Rac1 Nc4 23. b3 Bxa3 24. bxc4 Bxc1 25. Qxc1 dxc4 26. Qc2 Rg8 27. Qf5 Qe7 28. Ne4 g6 29. Ne5+ Qxe5 30. Qd7+ Qe7 31. Nd6+ Kf8 32. Qxe7+ Kxe7 33. Nxb7 a4 34. f5 g5 35. Kg2 a3 36. Kf3 Ra8 37. Ke3 b4 38. Kd2 a2 39. Ra1 b3 40. Kc3 Rb8 0-1